000 00967nam a22003017a 4500
003 CHAP
005 20220329135820.0
008 971013s1976 r 00010 d
010 _a42700
011 _a43672
035 _a47808
040 _cCHAP
090 _aFolleto 9270
110 _aMéxico. Dirección General de Unidades de Riego para el Desarrollo Rural
_977049
245 _aMaíz de riego
_b: recomendaciones técnicas
260 _aMéxico, D.F. :
_bLa Dirección,
_c(1976?)
300 _aHoja desplegable
_b: ilus
490 _aHoja de divulgación
_v; 13
590 _aBATCH-UPD
_b10
_c20130110
_lUCH01
_h1125
590 _aBATCH-UPD
_b10
_c20130410
_lUCH01
_h0715
590 _aBATCH-UPD
_b10
_c20130914
_lUCH01
_h1629
590 _aCONVERSION
_b10
_c20130109
_lUCH01
_h1323
650 1 4 _aMaíz.
_970848
830 0 _aHoja de divulgación
_v; 13
_955847
901 _aBK
942 _cFOLL
949 _aFolleto 9270
_bBC
_cFOLL
_d-108534
_eTS1
_i47808
_mD
_si
999 _c42700
_d42700